Statistics for Ten Fastest Production Cars 2018

Click here to take the quiz!

General Stats

  • This quiz has been taken 19 times
  • The average score is 3 of 10

Answer Stats

Place Top Speed Car % Correct
2nd271 mphBugatti Chiron
88%
3rd278 mphKoenigsegg Agera RS
59%
5th270 mphHennesey Venom GT
53%
6th254 mphBugatti Veyron Grand Sport Vitesse La Finale
47%
4th249 mphKoenigsegg Agera One
29%
10th230 mphPagani Huayra Roadster
12%
9th233 mphZenvo TS1 GT
0%
7th255 mphKoenigsegg Regara
0%
1st301 mphHennesey Vemon F-5
0%
8th245 mphLykan Fenyr SuperSport
0%

Score Distribution

Percentile by Number Answered

Percent of People with Each Score

Your Score History

You have not taken this quiz